000 00740cam a2200217 4500
001 WB3549-20
008 000000n1999 000 0 eng u
035 _a(Sirsi) u103210
245 _aClarity needed on development near cables
260 _c1999
490 _aPlanning (for the Natural and Built Environment)
_v(1348) 10 December 1999, 4(1)
520 _aPlanners have called for clearer guidance on the health risks of building houses near to residential developments, as current evidence is conflicting.
590 _aWB
650 _aRESIDENTIAL DEVELOPMENT
650 _aPOWER LINES
650 _aOVERHEAD CABLES
650 _aHEALTH HAZARDS
650 _aPLANNING POLICY
690 _aECONOMIC AND SOCIAL
942 _n0
999 _c62033
_d62033